=LDR 00000nam 2200000 4500 =001 INLIS000000000016484 =005 20130612111756 =008 ***********************************Ind** =035 ##$$0010-061300000016484 =041 ##$$a Ind =082 ##$$a 028.5 =090 ##$$a 028.5, Mar r =100 ##$$a Marga T =245 ##$$a Rumahku adalah istanaku, Marga T =260 ##$$a 2001 $b Jakarta =300 ##$$a 88 hlm, ilus, 21 cm =650 ##$$a Bacaan kanak-Kanak =850 ##$$a NBPNMAT